00602nam a2200193Ia 450000500170000000800410001702000180005808200130007624500480008926000700013730000150020765000130022265000120023565000180024770000270026594200060029295200950029899900150039320241003005702.0240331s9999 xx 000 0 und d a9789554563209 bNILa811 0aPulse :b an anthology of trilingual poetry aKelaniyabCentre for gender Studies, University of Kelaniyac2014 a111 p .,  aPolitics aCulture aSexual Rights aNiles, Sabreena. eedt cL 001040708LaWERCLbWERCLcSSCd2024-03-31l0o 811 NILp6845r2024-03-31w2024-03-31yL c5855d5855